000
00209 a2200097 4500
001
9260
100
_a
Ali, S.A.
245
_a
A short history of the saracens
260
_a
_b
Macmillan
_c
090
_c
7429
_d
7429
942
_a
NUST-CAE
_c
M
_c
34077
999
_c
244333
_d
244333